|
|
|
|
| LEADER |
00000nam a22000007a 4500 |
| 005 |
20181029234240.0 |
| 007 |
cr|||| |||| |
| 008 |
181029s2018 br |||||s|||| 00||0 spa d |
| 020 |
|
|
|a 978-85-9597-021-2
|
| 035 |
|
|
|a 22063
|
| 040 |
|
|
|a vLex
|
| 090 |
|
|
|c 8213
|d 8213
|
| 100 |
1 |
|
|a Franȧ, Sřgio
|
| 245 |
1 |
0 |
|a Gobernanza y regulaciones de internet en Amřica Latina
|h [Recurso electrn̤ico] /
|c Sřgio Franȧ, Rodrigo Vianna, Thas̕ Mesquita
|
| 256 |
|
|
|a Servicio en ln̕ea
|
| 260 |
|
|
|a Rio de Janeiro:
|b FGV - Direito Rio,
|c 2018
|
| 300 |
|
|
|a 1 recurso electrn̤ico
|
| 506 |
1 |
|
|a Disponible solo en los productos indicados
|d vLex Global
|d vLex Global (Academic Edition, excluding Law Schools)
|d vLex Global (U.S. Academic Edition, Law Schools)
|d vLex Global (U.S. Academic Edition, excluding Law Schools)
|d vLex Global (Academic Edition, Law Schools)
|
| 650 |
0 |
4 |
|a Derecho de las Nuevas Tecnologa̕s
|z Brasil
|
| 700 |
1 |
|
|a Vianna, Rodrigo
|
| 700 |
1 |
|
|a Mesquita, Thas̕
|
| 740 |
0 |
|
|a vLex Libros (Servicio en ln̕ea)
|
| 856 |
4 |
0 |
|u http://vlex.com/source/gobernanza-regulaciones-internet-america-latina-22063
|z Acceso restringido
|
| 942 |
|
|
|c BOOK
|
| 999 |
0 |
|
|a Right of New Technologies
|